[Event "Brasilia Terraviva op"]
[Site "Brasilia"]
[Date "2019.01.12"]
[Round "4"]
[White "Torella, Rodolfo"]
[Black "Pereira da Silva, Evernandes"]
[Result "1-0"]
[WhiteElo "2054"]
[BlackElo "1851"]
[PlyCount "59"]
[EventDate "2019.01.10"]
[EventType "swiss"]
[EventRounds "7"]
[EventCountry "BRA"]
[SourceTitle "CBM 188 Extra"]
[Source "ChessBase"]
[SourceDate "2019.02.26"]
[SourceVersion "1"]
[SourceVersionDate "2019.02.26"]
[SourceQuality "1"]

1. e4 c5 2. Nf3 d6 3. d4 cxd4 4. Nxd4 a6 5. c4 Nf6 6. Nc3 g6 7. Be2 Bg7 8. Be3 Nc6 9. 0-0 0-0 10. f3 Bd7 11. Qd2 Re8 12. Rfd1 Rc8 13. Rdc1 Qa5 14. g3 Ne5 15. b4 Qd8 16. Nd5 e6 17. Nxf6+ Bxf6 18. Rab1 Be7 19. b5 axb5 20. cxb5 Rxc1+ 21. Rxc1 Qa8 22. f4 Qa3 23. fxe5 Rd8 24. exd6 Qxd6 25. Nf3 Qa3 26. Rc3 Qa4 27. Bb6 Rc8 28. Qxd7 Rxc3 29. Qxe7 Rc2 30. Qd8+ 1-0

[Event "Florianopolis op 4th"]
[Site "Florianopolis"]
[Date "2018.01.22"]
[Round "6"]
[White "Menegotto, Giovanni Arnaldo Ga"]
[Black "Pereira da Silva, Evernandes"]
[Result "1/2-1/2"]
[WhiteElo "2109"]
[BlackElo "1842"]
[PlyCount "77"]
[EventDate "2018.01.19"]
[EventType "swiss"]
[EventRounds "10"]
[EventCountry "BRA"]
[SourceTitle "EXT 2019"]
[Source "ChessBase"]
[SourceDate "2018.10.10"]
[SourceVersion "1"]
[SourceVersionDate "2018.10.10"]
[SourceQuality "1"]

1. e4 c5 2. Nf3 Nc6 3. d4 cxd4 4. Nxd4 Nf6 5. Nc3 d6 6. Nb3 g6 7. Be2 Bg7 8. 0-0 0-0 9. Bg5 h6 10. Bh4 Be6 11. f4 a6 12. Kh1 b5 13. Bf3 Rc8 14. Qe1 Bc4 15. Rf2 Qc7 16. Bg3 Nd7 17. Rd1 Nb6 18. Bg4 Rcd8 19. Nd5 Nxd5 20. exd5 Bxb3 21. axb3 Nd4 22. c3 Nxb3 23. Re2 Rfe8 24. f5 g5 25. h4 Bf6 26. hxg5 hxg5 27. Bf2 Kg7 28. Be3 Qc4 29. Bh3 Rh8 30. Rf2 Qh4 31. Rf3 Qxe1+ 32. Rxe1 Rdg8 33. Kg1 Kf8 34. Rg3 Nc5 35. Ra1 g4 36. Rxg4 Rxg4 37. Bxg4 Rh4 38. Bxc5 Rxg4 39. Be3 1/2-1/2

[Event "Florianopolis op 4th"]
[Site "Florianopolis"]
[Date "2018.01.20"]
[Round "3"]
[White "Pereira da Silva, Evernandes"]
[Black "Souza, Neurismar da Rocha"]
[Result "1-0"]
[WhiteElo "1842"]
[BlackElo "1637"]
[PlyCount "50"]
[EventDate "2018.01.19"]
[EventType "swiss"]
[EventRounds "10"]
[EventCountry "BRA"]
[SourceTitle "CBM 182 Extra"]
[Source "ChessBase"]
[SourceDate "2018.02.23"]
[SourceVersion "1"]
[SourceVersionDate "2018.02.23"]
[SourceQuality "1"]

1. e4 e5 2. Nf3 Nc6 3. Bc4 Bc5 4. Nc3 Nf6 5. 0-0 0-0 6. d3 h6 7. Be3 Bxe3 8. fxe3 d6 9. d4 exd4 10. exd4 Bg4 11. Qd2 Qe7 12. Rae1 Rad8 13. h3 Bh5 14. a3 a5 15. Nh4 Kh7 16. Nf5 Qd7 17. Nxh6 gxh6 18. Rxf6 Bg6 19. Ref1 Ne7 20. Bxf7 Kg7 21. Qf4 Rxf7 22. Rxf7+ Bxf7 23. Qxf7+ Kh8 24. Qh5 Ng8 25. Rf7 Qc8 1-0

[Event "Brasilia Terraviva op"]
[Site "Brasilia"]
[Date "2018.01.12"]
[Round "3"]
[White "Pereira da Silva, Evernandes"]
[Black "De Rezende, Fernando Alencar"]
[Result "1-0"]
[WhiteElo "1842"]
[BlackElo "1377"]
[PlyCount "71"]
[EventDate "2018.01.11"]
[EventType "swiss"]
[EventRounds "7"]
[EventCountry "BRA"]
[SourceTitle "CBM 182 Extra"]
[Source "ChessBase"]
[SourceDate "2018.02.23"]
[SourceVersion "1"]
[SourceVersionDate "2018.02.23"]
[SourceQuality "1"]

1. e4 c5 2. Nf3 d6 3. d4 cxd4 4. Nxd4 Nf6 5. Nc3 Nc6 6. Be2 g6 7. Be3 Bg7 8. Qd2 0-0 9. 0-0-0 Ng4 10. Bxg4 Bxg4 11. f3 Nxd4 12. Bxd4 Bxd4 13. Qxd4 Bd7 14. h4 Qc7 15. Nd5 Qd8 16. h5 e5 17. Qe3 Be6 18. Qh6 Bxd5 19. hxg6 Re8 20. Qxh7+ Kf8 21. Rxd5 Qg5+ 22. Kb1 fxg6 23. Qh8+ Kf7 24. Qh7+ Ke6 25. Qc7 Red8 26. Rh7 Qf6 27. Rd1 Qf8 28. Qc4+ Kf6 29. g4 Kg5 30. Rf7 Qh6 31. f4+ exf4 32. Qd5+ Kxg4 33. Rg1+ Kf3 34. Qd3+ Kf2 35. Rf1+ Kg2 36. Qf3+ 1-0

[Event "BRA-ch sf"]
[Site "Brasilia"]
[Date "2016.09.23"]
[Round "3.1"]
[White "Nascimento, Davi da Silva"]
[Black "Pereira da Silva, Evernandes"]
[Result "1/2-1/2"]
[WhiteElo "2113"]
[BlackElo "1777"]
[PlyCount "72"]
[EventDate "2016.09.23"]
[EventType "tourn"]
[EventRounds "7"]
[EventCountry "BRA"]
[SourceTitle "EXT 2022"]
[Source "ChessBase"]
[SourceDate "2021.10.06"]
[SourceVersion "1"]
[SourceVersionDate "2021.10.06"]
[SourceQuality "1"]

1. d4 Nf6 2. Nf3 e6 3. g3 b6 4. Bg2 Bb7 5. 0-0 Be7 6. c4 0-0 7. Nc3 d6 8. Re1 Ne4 9. Qc2 Nxc3 10. Qxc3 Nd7 11. e4 c5 12. d5 e5 13. g4 Bc8 14. h3 h6 15. Nh2 Bf6 16. Nf1 Re8 17. Ng3 Nf8 18. Be3 Bg5 19. a4 a5 20. Qd2 Ng6 21. Nh5 Bxe3 22. Qxe3 Qg5 23. Qxg5 hxg5 24. b3 f6 25. f3 Kf7 26. Kf2 Rh8 27. Rh1 Bd7 28. Rh2 Rh7 29. Rah1 Rah8 30. Bf1 Rh6 31. Ng3 Nf4 32. Nf5 Bxf5 33. exf5 g6 34. fxg6+ Kxg6 35. Kg3 Rh4 36. Rd2 Kf7 1/2-1/2

[Event "BRA-ch U20"]
[Site "Icara"]
[Date "2016.06.25"]
[Round "4"]
[White "Pereira da Silva, Evernandes"]
[Black "Leacima, Giovane Santiago"]
[Result "0-1"]
[WhiteElo "1768"]
[BlackElo "1714"]
[PlyCount "46"]
[EventDate "2016.06.23"]
[EventType "swiss"]
[EventRounds "7"]
[EventCountry "BRA"]
[SourceTitle "EXT 2017"]
[Source "ChessBase"]
[SourceDate "2016.10.25"]
[SourceVersion "1"]
[SourceVersionDate "2016.10.25"]
[SourceQuality "1"]

1. e4 e5 2. Nf3 Nc6 3. d4 exd4 4. Nxd4 Nf6 5. Nxc6 bxc6 6. Bd3 Bc5 7. Bg5 h6 8. Bd2 0-0 9. 0-0 d5 10. Nc3 Re8 11. exd5 cxd5 12. h3 Bb7 13. Bf4 d4 14. Nb5 Nd5 15. Qg4 Nxf4 16. Qxf4 Bb6 17. Bc4 Bd5 18. Bxd5 Qxd5 19. Nxc7 Bxc7 20. Qxc7 Rec8 21. Qf4 Rxc2 22. Rfd1 Rd8 23. Rd2 g5 0-1

[Event "BRA-ch U20"]
[Site "Icara"]
[Date "2016.06.24"]
[Round "2"]
[White "Carstens Dobuchak, Thiago"]
[Black "Pereira da Silva, Evernandes"]
[Result "1/2-1/2"]
[WhiteElo "2149"]
[BlackElo "1768"]
[PlyCount "151"]
[EventDate "2016.06.23"]
[EventType "swiss"]
[EventRounds "7"]
[EventCountry "BRA"]
[SourceTitle "EXT 2017"]
[Source "ChessBase"]
[SourceDate "2016.10.25"]
[SourceVersion "1"]
[SourceVersionDate "2016.10.25"]
[SourceQuality "1"]

1. d4 e6 2. c4 d5 3. Nc3 Nf6 4. cxd5 exd5 5. Bg5 Be7 6. e3 c6 7. Qc2 Nbd7 8. Bd3 Nf8 9. Nf3 Ng6 10. 0-0 0-0 11. Bxf6 Bxf6 12. b4 Bg4 13. Nd2 Qd6 14. Rab1 a6 15. Na4 Bd8 16. Rfc1 Bc7 17. Nf1 Qf6 18. Nc5 Rab8 19. Ng3 Rfd8 20. a4 h5 21. Be2 Bxe2 22. Qxe2 h4 23. Nf1 Qg5 24. f4 Qf5 25. h3 Re8 26. Qg4 Qxg4 27. hxg4 Bd6 28. b5 Bxc5 29. Rxc5 Ne7 30. Nd2 axb5 31. axb5 Ra8 32. bxc6 bxc6 33. Rbc1 Reb8 34. R1c2 Ra1+ 35. Kf2 g6 36. Rc1 Ra2 37. R5c2 Rbb2 38. Rxb2 Rxb2 39. Ke2 f6 40. Ra1 Kf7 41. Kd3 Nc8 42. Kc3 Rb7 43. Kc2 Ra7 44. Rxa7+ Nxa7 45. Nf3 Nb5 46. Kd3 Nd6 47. Nxh4 Ne4 48. Ke2 g5 49. Nf3 Ke6 50. Nd2 Nc3+ 51. Kf3 Nb5 52. g3 Kd6 53. Nb3 Nc3 54. Nc5 Nb5 55. Ke2 Nc3+ 56. Kd2 Nb5 57. Kd3 Ke7 58. e4 Nd6 59. e5 Nf7 60. Ke3 fxe5 61. dxe5 Nh6 62. fxg5 Nxg4+ 63. Kf4 Nf2 64. g6 d4 65. Kg5 d3 66. Nxd3 Nxd3 67. Kh6 Nxe5 68. g7 Ng4+ 69. Kg6 Nf6 70. g4 Ng8 71. g5 Ke6 72. Kh7 Ne7 73. g8Q+ Nxg8 74. Kxg8 Kf5 75. Kf7 Kxg5 76. Ke6 1/2-1/2

[Event "Brasilia Terraviva op"]
[Site "Brasilia"]
[Date "2016.04.22"]
[Round "3"]
[White "Pereira da Silva, Evernandes"]
[Black "Coutinho, Sidnei Bissacot"]
[Result "0-1"]
[WhiteElo "1746"]
[BlackElo "2101"]
[PlyCount "116"]
[EventDate "2016.04.21"]
[EventType "swiss"]
[EventRounds "7"]
[EventCountry "BRA"]
[SourceTitle "CBM 172 Extra"]
[Source "ChessBase"]
[SourceDate "2016.06.21"]
[SourceVersion "1"]
[SourceVersionDate "2016.06.21"]
[SourceQuality "1"]

1. e4 c6 2. d4 d5 3. Nd2 dxe4 4. Nxe4 Bf5 5. Ng3 Bg6 6. f4 Nf6 7. Bd3 e6 8. Nf3 Be7 9. 0-0 0-0 10. Kh1 c5 11. Bxg6 hxg6 12. Be3 Qb6 13. dxc5 Bxc5 14. Bxc5 Qxc5 15. Qe2 Nc6 16. Rad1 Rad8 17. Ne4 Nxe4 18. Qxe4 Qb4 19. Qxb4 Nxb4 20. Nd4 Rd5 21. a3 Rfd8 22. axb4 Rxd4 23. Rxd4 Rxd4 24. c3 Rd2 25. Rb1 Kf8 26. Kg1 Ke7 27. b5 Kd6 28. b4 Kc7 29. Kf1 Kb6 30. Ra1 Rd5 31. Ke2 Rxb5 32. Ke3 g5 33. g3 gxf4+ 34. gxf4 Rh5 35. Ra2 Rh3+ 36. Kd4 Rf3 37. Rg2 g6 38. Rg4 Rh3 39. Rg2 Kc6 40. c4 a6 41. Rb2 Rh4 42. Ke5 Rh5+ 43. Ke4 b6 44. Rd2 a5 45. bxa5 bxa5 46. Rd8 Rxh2 47. Ra8 Kb6 48. Rf8 Rh7 49. Ke5 Kc7 50. Kf6 Kb7 51. Rd8 Rh4 52. Rd4 Kc6 53. Kxf7 g5 54. Kxe6 gxf4 55. Rd5 a4 56. Ra5 f3 57. Rxa4 f2 58. Ra1 Re4+ 0-1

[Event "Brasilia Terraviva op"]
[Site "Brasilia"]
[Date "2016.04.21"]
[Round "2"]
[White "Pereira da Silva, Evernandes"]
[Black "Di Simoni, Rafaela Moura"]
[Result "1-0"]
[WhiteElo "1746"]
[BlackElo "1500"]
[PlyCount "71"]
[EventDate "2016.04.21"]
[EventType "swiss"]
[EventRounds "7"]
[EventCountry "BRA"]
[SourceTitle "CBM 172 Extra"]
[Source "ChessBase"]
[SourceDate "2016.06.21"]
[SourceVersion "1"]
[SourceVersionDate "2016.06.21"]
[SourceQuality "1"]

1. e4 c5 2. Nf3 d6 3. d4 cxd4 4. Nxd4 Nf6 5. Nc3 e6 6. Bd3 Be7 7. Be3 Nc6 8. a3 a6 9. 0-0 Qc7 10. h3 b5 11. f4 Bb7 12. Qe1 Nxd4 13. Bxd4 d5 14. e5 Nd7 15. Kh1 Nc5 16. Bxc5 Bxc5 17. Qg3 g6 18. Rae1 0-0-0 19. Ra1 Bc6 20. Qe1 Qb6 21. Ne2 Kd7 22. b4 Be3 23. Nc1 Qa7 24. Nb3 Bb6 25. Qh4 Rdf8 26. Rfd1 Kc8 27. Qg3 Kd7 28. c4 bxc4 29. Bxc4 Ke8 30. Be2 Bb5 31. Bxb5+ axb5 32. Qd3 Qa4 33. Rdc1 Kd7 34. Rc5 Ra8 35. Rxb5 Qa6 36. a4 1-0

[Event "BRA-chB U20"]
[Site "Goiania"]
[Date "2015.10.11"]
[Round "5"]
[White "Pereira da Silva, Evernandes"]
[Black "Carneiro, Vitor Roberto Castr"]
[Result "0-1"]
[WhiteElo "1724"]
[BlackElo "2381"]
[PlyCount "66"]
[EventDate "2015.10.09"]
[EventType "swiss"]
[EventRounds "7"]
[EventCountry "BRA"]
[SourceTitle "CBM 168 Extra"]
[Source "ChessBase"]
[SourceDate "2015.10.29"]
[SourceVersion "1"]
[SourceVersionDate "2015.10.29"]
[SourceQuality "1"]

1. e4 c6 2. d4 d5 3. Nd2 dxe4 4. Nxe4 Nd7 5. Nf3 Ngf6 6. Nxf6+ Nxf6 7. c3 Bf5 8. Be2 e6 9. Bf4 Be7 10. Qb3 Qb6 11. Qxb6 axb6 12. 0-0 b5 13. h3 b4 14. c4 0-0 15. c5 Rfd8 16. Rfd1 Be4 17. Be3 Ra7 18. Nd2 Bd5 19. Nc4 Nd7 20. Bd2 b5 21. Ne3 Rda8 22. Nxd5 exd5 23. Bxb4 Rxa2 24. Rxa2 Rxa2 25. Rb1 Ra4 26. Bc3 f5 27. Re1 Kf7 28. b3 Ra3 29. Rb1 Bf6 30. Bd3 g6 31. Kf1 Nxc5 32. Bc2 Ne6 33. Rd1 c5 0-1

[Event "BRA-chB U20"]
[Site "Goiania"]
[Date "2015.10.10"]
[Round "3"]
[White "Zandonai Ignacio, Antonio Carlos"]
[Black "Pereira da Silva, Evernandes"]
[Result "1/2-1/2"]
[WhiteElo "1787"]
[BlackElo "1724"]
[PlyCount "51"]
[EventDate "2015.10.09"]
[EventType "swiss"]
[EventRounds "7"]
[EventCountry "BRA"]
[SourceTitle "CBM 168 Extra"]
[Source "ChessBase"]
[SourceDate "2015.10.29"]
[SourceVersion "1"]
[SourceVersionDate "2015.10.29"]
[SourceQuality "1"]

1. e4 e6 2. d4 d5 3. Nc3 Bb4 4. e5 Ne7 5. a3 Bxc3+ 6. bxc3 Nd7 7. Qg4 g6 8. Bd3 c5 9. Qd1 Qc7 10. Bd2 Nb6 11. Nf3 Bd7 12. 0-0 c4 13. Be2 0-0-0 14. Bg5 Bc6 15. Bf6 Rhg8 16. Ng5 Rde8 17. Nxh7 Nd7 18. Bg4 Nf5 19. Bxf5 exf5 20. f4 Nf8 21. Nxf8 Rgxf8 22. Rf3 Bd7 23. Qb1 Qa5 24. Rh3 Re6 25. Qe1 Qb5 26. Qe2 1/2-1/2

[Event "Brasilia FBX 50"]
[Site "Brasilia"]
[Date "2015.09.05"]
[Round "1"]
[White "Baeta, Marcio Netto"]
[Black "Pereira da Silva, Evernandes"]
[Result "1/2-1/2"]
[WhiteElo "2024"]
[BlackElo "1628"]
[PlyCount "89"]
[EventDate "2015.09.05"]
[EventType "swiss"]
[EventRounds "6"]
[EventCountry "BRA"]
[SourceTitle "EXT 2016"]
[Source "ChessBase"]
[SourceDate "2015.10.08"]
[SourceVersion "1"]
[SourceVersionDate "2015.10.08"]
[SourceQuality "1"]

1. e4 c5 2. d4 cxd4 3. Nf3 Nc6 4. Nxd4 a6 5. c4 d6 6. Nc3 g6 7. Be3 Bg7 8. Be2 Nf6 9. f3 Bd7 10. Qd2 Rc8 11. 0-0 0-0 12. Rad1 Re8 13. b3 Qa5 14. Nd5 Qxd2 15. Rxd2 Nxd4 16. Nxf6+ Bxf6 17. Bxd4 Bxd4+ 18. Rxd4 Be6 19. f4 f5 20. Bf3 Rc7 21. Re1 fxe4 22. Bxe4 Bf7 23. f5 Kg7 24. Re3 gxf5 25. Bxf5 Rc5 26. Rg3+ Kh8 27. Rf4 Rg8 28. Rh3 Rxf5 29. Rxf5 Be6 30. Rfh5 Bxh3 31. Rxh3 Rg7 32. Kf2 Kg8 33. Rg3 Rxg3 34. Kxg3 Kf7 35. Kf4 Kf6 36. b4 e5+ 37. Ke4 b6 38. Kd5 a5 39. a3 axb4 40. axb4 Kg5 41. c5 dxc5 42. bxc5 bxc5 43. Kxe5 h5 44. Ke4 h4 45. g3 1/2-1/2

[Event "Brasilia FBX 50"]
[Site "Brasilia"]
[Date "2015.09.05"]
[Round "2"]
[White "Pereira da Silva, Evernandes"]
[Black "Sa, Antonio Villar Marq"]
[Result "0-1"]
[WhiteElo "1628"]
[BlackElo "1962"]
[PlyCount "50"]
[EventDate "2015.09.05"]
[EventType "swiss"]
[EventRounds "6"]
[EventCountry "BRA"]
[SourceTitle "EXT 2016"]
[Source "ChessBase"]
[SourceDate "2015.10.08"]
[SourceVersion "1"]
[SourceVersionDate "2015.10.08"]
[SourceQuality "1"]

1. d4 Nf6 2. Nf3 e6 3. Bf4 c5 4. c3 d5 5. e3 Nc6 6. Bd3 c4 7. Bc2 b5 8. 0-0 Be7 9. h3 0-0 10. Nbd2 Bb7 11. Ne5 Nxe5 12. Bxe5 Ne4 13. Nxe4 dxe4 14. Qg4 g6 15. Rfd1 f5 16. Qe2 Bd5 17. b4 Bd6 18. Bxd6 Qxd6 19. a4 a6 20. g3 Bc6 21. a5 Rad8 22. Rd2 Qe7 23. Rad1 Qg5 24. Kh2 Kf7 25. Rg1 h5 0-1

[Event "Brasilia FBX Nova Geracao U1800"]
[Site "Brasilia"]
[Date "2015.07.25"]
[Round "3.1"]
[White "Zandonai Ignacio, Antonio Carlos"]
[Black "Pereira da Silva, Evernandes"]
[Result "1-0"]
[WhiteElo "1783"]
[BlackElo "1630"]
[PlyCount "61"]
[EventDate "2015.07.25"]
[EventType "swiss"]
[EventRounds "5"]
[EventCountry "BRA"]
[SourceTitle "EXT 2022"]
[Source "ChessBase"]
[SourceDate "2021.10.06"]
[SourceVersion "1"]
[SourceVersionDate "2021.10.06"]
[SourceQuality "1"]

1. e4 d6 2. d4 g6 3. Nc3 Bg7 4. f4 Nd7 5. Nf3 e5 6. dxe5 dxe5 7. f5 Ngf6 8. Bd3 a6 9. 0-0 b5 10. Bg5 0-0 11. Qd2 Bb7 12. Qe1 c5 13. Qh4 c4 14. Be2 Qb6+ 15. Kh1 h6 16. Bxh6 Bxh6 17. Qxh6 Ng4 18. Qh4 Ndf6 19. Ng5 Ne3 20. Rf3 Kg7 21. Qg3 Nxc2 22. Ne6+ Kg8 23. Nxf8 Nxa1 24. Nxg6 fxg6 25. Qxg6+ Kf8 26. Rh3 Ke7 27. Qg7+ Kd6 28. Qxf6+ Kc5 29. Qxe5+ Kb4 30. Qe7+ Qc5 31. a3+ 1-0

[Event "Brasilia Inconfidencia Cup"]
[Site "Brasilia"]
[Date "2015.04.19"]
[Round "5"]
[White "Pereira da Silva, Evernandes"]
[Black "Pompeo, Flavio Sposto"]
[Result "0-1"]
[WhiteElo "1607"]
[BlackElo "2119"]
[PlyCount "70"]
[EventDate "2015.04.17"]
[EventType "swiss"]
[EventRounds "6"]
[EventCountry "BRA"]
[SourceTitle "CBM 166 Extra"]
[Source "ChessBase"]
[SourceDate "2015.06.18"]
[SourceVersion "1"]
[SourceVersionDate "2015.06.18"]
[SourceQuality "1"]

1. d4 d5 2. Nf3 c5 3. c3 e6 4. g3 Nf6 5. Bg2 Nbd7 6. e3 Bd6 7. Nbd2 0-0 8. 0-0 e5 9. dxe5 Nxe5 10. h3 Nd3 11. Nb3 Bf5 12. Nh4 Be4 13. Nd2 Bxg2 14. Nxg2 Qd7 15. Kh2 Ne4 16. Nxe4 dxe4 17. Qh5 Rae8 18. Nf4 Ne5 19. b3 Nf3+ 20. Kg2 Re5 21. Qg4 f5 22. Qh5 Rf6 23. Rd1 Rh6 24. Qxh6 gxh6 25. c4 Re8 26. Bb2 Ne5 27. Rd5 Qc6 28. Rad1 Bc7 29. Bxe5 Bxe5 30. Rd7 Bxf4 31. gxf4 Kh8 32. Kh2 Rg8 33. R1d6 Qc8 34. a4 Qe8 35. Rxb7 Qh5 0-1